Merged Team Logos - Statistics

General Stats
  • This quiz has been taken 419 times
  • The average score is 27 of 33
Answer Stats
Hint Answer % Correct
Team-Heretics-2022-allmode Team Heretics
98%
G2-Esports-2019-darkmode-2 Gen.G
97%
Bilibili-Gaming-2021-allmode LOUD
97%
Natus-Vincere-2021-allmode Movistar KOI
97%
Natus-Vincere-2021-allmode Natus Vincere
97%
Sentinels-2020-allmode Sentinels
97%
Talon-Esports-2019-allmode T1
97%
Talon-Esports-2019-allmode Talon Esports
97%
Wolves-Esports-allmode Wolves Esports
97%
Bilibili-Gaming-2021-allmode Bilibili Gaming
96%
Wolves-Esports-allmode FURIA Esports
96%
MIBR-2018-darkmode-1 MIBR
96%
Ty-Loo-2016-allmode TYLOO
96%
Global-Esports-2020-allmode Global Esports
95%
Sentinels-2020-allmode Leviatán
95%
Futbolist-2021-darkmode BBL Esports
94%
Cloud9-allmode Fnatic
94%
Apeks-2021-darkmode Acend
91%
Team-Heretics-2022-allmode Team Secret
90%
NRG-2024-allmode disguised
80%
Nova-Esports-LATAM-allmode-2 Nova Esports
79%
NRG-2024-allmode NRG
79%
Gentle-Mates-darkmode-2024-10 GiantX
77%
Apeks-2021-darkmode Apeks
71%
G2-Esports-2019-darkmode-2 G2 Esports
71%
Global-Esports-2020-allmode All Gamers
70%
Cloud9-allmode Cloud9
70%
NRG-2024-allmode Dragon Ranger Gaming
67%
Ty-Loo-2016-allmode Titan Esports Club
63%
Futbolist-2021-darkmode FUT Esports
62%
Gentle-Mates-darkmode-2024-10 Gentle Mates
54%
MIBR-2018-darkmode-1 Shopify Rebellion
40%
Nova-Esports-LATAM-allmode-2 Akrew
23%
No matching quizzes found
Score Distribution
Percent of People with Each Score
Percentile by Number Answered
Your Score History
You have not taken this quiz